The European emergence : (Record no. 6611)

MARC details
000 -LEADER
fixed length control field 01000cam a2200301 a 4500
001 - CONTROL NUMBER
control field 20353484
003 - CONTROL NUMBER IDENTIFIER
control field OCoLC
005 - DATE AND TIME OF LATEST TRANSACTION
control field 20190117165657.0
008 - FIXED-LENGTH DATA ELEMENTS--GENERAL INFORMATION
fixed length control field 890830s1989 vaua b 001 0 eng
010 ## - LIBRARY OF CONGRESS CONTROL NUMBER
LC control number 89020328
020 ## - INTERNATIONAL STANDARD BOOK NUMBER
International Standard Book Number 0809464500
020 ## - INTERNATIONAL STANDARD BOOK NUMBER
International Standard Book Number 0809464519 (lib. bdg.)
040 ## - CATALOGING SOURCE
Original cataloging agency DLC
Transcribing agency DLC
043 ## - GEOGRAPHIC AREA CODE
Geographic area code e------
050 00 - LIBRARY OF CONGRESS CALL NUMBER
Classification number D220
Item number .E97 1989
082 ## - DEWEY DECIMAL CLASSIFICATION NUMBER
Classification number REF 940.2
245 04 - TITLE STATEMENT
Title The European emergence :
Remainder of title time Frame AD 1500-1600 /
Statement of responsibility, etc. by the editors of Time-Life Books
260 ## - PUBLICATION, DISTRIBUTION, ETC.
Place of publication, distribution, etc. Alexandria, Va. :
Name of publisher, distributor, etc. Time-Life Books,
Date of publication, distribution, etc. 1989
300 ## - PHYSICAL DESCRIPTION
Extent [175] p. :
Other physical details ill. (some col.) ;
Dimensions 29 cm
490 1# - SERIES STATEMENT
Series statement Time frame
504 ## - BIBLIOGRAPHY, ETC. NOTE
Bibliography, etc. note Includes bibliographical references (p. [171-176])
505 0# - FORMATTED CONTENTS NOTE
Formatted contents note The Church divided--The conquest of the New World--Elizabeth's England--Russia's ruthless czar--The Ottoman zenith--The Mogul's ascendant
650 #0 - SUBJECT ADDED ENTRY--TOPICAL TERM
Topical term or geographic name entry element Sixteenth century.
651 #0 - SUBJECT ADDED ENTRY--GEOGRAPHIC NAME
Geographic name Europe
General subdivision History
Chronological subdivision 1492-1648.
710 2# - ADDED ENTRY--CORPORATE NAME
Corporate name or jurisdiction name as entry element Time-Life Books.
830 #0 - SERIES ADDED ENTRY--UNIFORM TITLE
Uniform title Time frame.
942 ## - ADDED ENTRY ELEMENTS (KOHA)
Source of classification or shelving scheme Dewey Decimal Classification
Koha item type Reference
Holdings
Withdrawn status Lost status Source of classification or shelving scheme Damaged status Not for loan Collection code Home library Current library Shelving location Date acquired Cost, normal purchase price Total Checkouts Full call number Barcode Date last seen Price effective from Koha item type
    Dewey Decimal Classification   Not For Loan Reference Harvest Mission College Harvest Mission College Processing Center 17.01.2019 4680.00   REF 940.2 007389 17.01.2019 17.01.2019 Reference

OPAC Designed and Maintained by HMC Library Team.
Copyright © HMC Library,Greater Noida, UP.
For any Suggestions/Query Contact library via Email:libhmc@gmail.com